Švestky a třešně /
Uložené v:
| Hlavný autor: | |
|---|---|
| Médium: | Kniha |
| Jazyk: | Czech |
| Vydané: |
Praha :
Státní zemědělské nakladatelství,
1971.
|
| Vydanie: | 2. oprav. a dopl. vyd. |
| Edícia: | Malá zahradnická knižnice. Malá pomologie
sv. 3 |
| ISBN: |
(viaz.) |
| Fyzický popis: |
338 s. |
| Tagy: |
Pridať tag
Žiadne tagy, Buďte prvý kto otaguje tento záznam!
|
Titul je dostupný aj v ... 

MARC
| LEADER | 00000nam a2200000 a 4500 | ||
|---|---|---|---|
| 001 | 000161821 | ||
| 005 | 20090924232445.0 | ||
| 008 | 040101s1971 xr e cze d | ||
| 020 | |a (viaz.) | ||
| 040 | |a SVKKK |b slo |c SVKKK |e AACR2 | ||
| 041 | 0 | |a cze | |
| 044 | |a xr |c CZ | ||
| 245 | 0 | 0 | |a Švestky a třešně / |c Miloslav Vávra ... [et al.]. |
| 250 | |a 2. oprav. a dopl. vyd. | ||
| 260 | |a Praha : |b Státní zemědělské nakladatelství, |c 1971. | ||
| 300 | |a 338 s. | ||
| 490 | 1 | |a Malá zahradnická knižnice. Malá pomologie |v sv. 3 | |
| 700 | 1 | |a Vávra, Miloslav |d 1910-1991 |4 aut | |
| 830 | 0 | |a Malá zahradnická knižnice. Malá pomologie |v sv. 3 | |
| 910 | |a svkkk | ||
| 998 | |a BK | ||
| 090 | |g SCKHL |k Sklad Pribinova 2. posch. |a II.191893 |j 472580 |i 161821-10 |s Absenčne | ||